000 01628nam a22002417a 4500
001 10155
003 FISKH
005 20260428124136.0
008 260428b cb ||||| |||| 00| 0 eng d
020 _a9789924342052
040 _aFISKH
_bkhr
_cFISKH
_dFISKH
082 _a741.5
100 _aVorniere , Yoann
245 _aកុំមាត់ (1) /
_cBy Yoann Vorniere
260 _aPhnom Penh :
_bSipar ,
_c2024 .
300 _a202 unnumbered pages :
_billustrations ;
_c18 cm .
490 _aKhmer Manga
_v1
520 _aចាប់តាំងពីព្រះអាទិត្យបានបាត់ខ្លួនក្រោយពពកអាថ៌កំបាំង ពិភពលោកបានធ្លាក់ទៅក្នុងភាពងងឹតជារៀងរហូត។ មនុស្សទាំងអស់ត្រូវលាក់ខ្លួន ខណៈនៅខាងក្រៅមានសត្វចម្លែកកំពុងរង់ចាំស៊ីពួកគេ។ ឱកាសតែមួយគត់ដើម្បីរស់រានមានជីវិតគឺ៖ លាក់ខ្លួន រក្សាភាពស្ងៀមស្ងាត់… និងនៅស្ងៀម។
520 _aSince the sun disappears behind mysterious clouds, the world has been plunged into permanent darkness. All human has to hide while outside there are monsters waiting to eat them. The only chance to survive: hide, stay still… and silence.
650 _aកុំមាត់
_vរឿងគំនូរ
650 _aSilence
_vManga
942 _2ddc
_cKHB
_n0
999 _c10155
_d10155